Stochastic processes: theory for applications. / (Record no. 7371)

MARC details
000 -LEADER
fixed length control field 00984nam a22002177a 4500
003 - CONTROL NUMBER IDENTIFIER
control field OSt
005 - DATE AND TIME OF LATEST TRANSACTION
control field 20220314122610.0
008 - FIXED-LENGTH DATA ELEMENTS--GENERAL INFORMATION
fixed length control field 120706t xxu||||| |||| 00| 0 eng d
010 ## - LIBRARY OF CONGRESS CONTROL NUMBER
LC control number 2013005146
020 ## - INTERNATIONAL STANDARD BOOK NUMBER
International Standard Book Number 9781107039759 (hbk.)
040 ## - CATALOGING SOURCE
Transcribing agency LC
050 ## - LIBRARY OF CONGRESS CALL NUMBER
Classification number QA274.G34
100 ## - MAIN ENTRY--PERSONAL NAME
Personal name Gallager Robert G.
245 ## - TITLE STATEMENT
Title Stochastic processes: theory for applications. /
Statement of responsibility, etc. Robert G. Gallager.
260 ## - PUBLICATION, DISTRIBUTION, ETC.
Place of publication, distribution, etc. London:
Name of publisher, distributor, etc. Cambridge University Press,
Date of publication, distribution, etc. 2013.
300 ## - PHYSICAL DESCRIPTION
Extent xx, 536 p.:
Other physical details ill.;
500 ## - GENERAL NOTE
General note Includes references (528-529 p) and index.
505 ## - FORMATTED CONTENTS NOTE
Formatted contents note Contents: Introduction and review of probability -- Poisson processes -- Gaussian random vectors and processes -- Finite-state markov chains -- Renewal processes -- Countable-state markov chains -- Makov processes with countable-state spaces -- Detection, decisions, and hypothesis testing -- Random walks, large deviation, and martingales -- Estimation --
650 ## - SUBJECT ADDED ENTRY--TOPICAL TERM
Form subdivision Stochastic processes - Textbooks
942 ## - ADDED ENTRY ELEMENTS (KOHA)
Source of classification or shelving scheme Library of Congress Classification
Koha item type Books
Holdings
Withdrawn status Lost status Source of classification or shelving scheme Damaged status Not for loan Home library Current library Shelving location Date acquired Full call number Barcode Date last seen Price effective from Koha item type
    Library of Congress Classification     WISCONSIN INTERNATIONAL UNIVERSITY COLLEGE, GHANA KUMASI LIBRARY WISCONSIN INTERNATIONAL UNIVERSITY COLLEGE, GHANA KUMASI LIBRARY General Stacks 20/11/2019 QA274.G34 K/2635/2635/19 18/06/2020 18/06/2020 Books

If you have any concerns or questions; kindly contact the library


© Powered by WIUC ICT DIRECTORATE